| Tag |
First Indicator |
Second Indicator |
Subfields |
| LEADER |
00000cam a2200000Ii 4500 |
| 001 |
in00004051621 |
| 005 |
20190422104958.0 |
| 006 |
m o d |
| 007 |
cr cnu|||unuuu |
| 008 |
180727s2019 enk ob 001 0 eng d |
| 020 |
|
|
|a 9781315185521
|q (electronic bk.)
|
| 020 |
|
|
|a 1315185520
|q (electronic bk.)
|
| 020 |
|
|
|z 9781138737112
|
| 035 |
|
|
|a (NhCcYBP)EBSCO1852834
|
| 040 |
|
|
|a NhCcYBP
|c NhCcYBP
|d UtOrBLW
|
| 050 |
|
4 |
|a HF5718
|b .P83 2019
|
| 072 |
|
7 |
|a BUS
|x 082000
|2 bisacsh
|
| 072 |
|
7 |
|a BUS
|x 041000
|2 bisacsh
|
| 072 |
|
7 |
|a BUS
|x 042000
|2 bisacsh
|
| 072 |
|
7 |
|a BUS
|x 085000
|2 bisacsh
|
| 082 |
0 |
4 |
|a 658.45
|2 23
|
| 245 |
0 |
0 |
|a Public interest communication :
|b critical debates and global contexts /
|c edited by Jane Johnston and Magda Pieczka.
|
| 264 |
|
1 |
|a London :
|b Routledge,
|c 2019.
|
| 300 |
|
|
|a 1 online resource.
|
| 336 |
|
|
|a text
|b txt
|2 rdacontent
|
| 337 |
|
|
|a computer
|b c
|2 rdamedia
|
| 338 |
|
|
|a online resource
|b cr
|2 rdacarrier
|
| 490 |
1 |
|
|a Routledge new directions in public relations and communication research
|
| 504 |
|
|
|a Includes bibliographical references and index.
|
| 588 |
0 |
|
|a Vendor-supplied metadata.
|
| 500 |
|
|
|a Electronic resource.
|
| 650 |
|
0 |
|a Business communication.
|0 http://id.loc.gov/authorities/subjects/sh87004551
|
| 655 |
|
7 |
|a Electronic books.
|2 local
|
| 700 |
1 |
|
|a Johnston, Jane,
|d 1961-
|e editor.
|0 http://id.loc.gov/authorities/names/no2004025984
|
| 700 |
1 |
|
|a Pieczka, Magda,
|e editor.
|0 http://id.loc.gov/authorities/names/n96089978
|
| 710 |
2 |
|
|a EBSCOhost.
|
| 830 |
|
0 |
|a Routledge new directions in public relations and communication research.
|0 http://id.loc.gov/authorities/names/no2013135693
|
| 856 |
4 |
0 |
|u http://proxy.library.tamu.edu/login?url=http://search.ebscohost.com/login.aspx?direct=true&scope=site&db=nlebk&db=nlabk&AN=1852834
|z Connect to the full text of this electronic book
|t 0
|
| 945 |
|
|
|a machinegen
|
| 955 |
|
|
|a YBP purchased firm e-records
|
| 980 |
|
|
|b 154.00
|g 1
|
| 999 |
f |
f |
|s 8ac5e266-0d3f-3308-8ec4-664da4918769
|i 5288c97c-4609-31ce-8fca-6abb2d83769d
|t 0
|
| 952 |
f |
f |
|a Texas A&M University
|b College Station
|c Electronic Resources
|d Available Online
|t 0
|e HF5718 .P83 2019
|h Library of Congress classification
|
| 998 |
f |
f |
|a HF5718 .P83 2019
|t 0
|l Available Online
|